Nồng độ Matrix Metalloproteinase-9 trong huyết thanh bệnh nhân hội chứng mạch vành cấp ở Việt Nam /

Đã lưu trong:
書目詳細資料
主要作者: Đỗ Hữu Chí.
其他作者: Đỗ Doãn Lợi., Bùi Thị Huyền., Lê Thị Bích Thảo., Nguyễn Bích Nhi., Nguyễn Thúy Huyền., Nguyễn Thị Minh Phương., Nguyễn Tiến Dũng., Phạm Đình Minh., Phan Văn Chi.
格式: Bài viết
語言:Vietnamese
主題:
標簽: 添加標簽
沒有標簽, 成為第一個標記此記錄!
Thư viện lưu trữ: Thư viện Trường Đại học Đà Lạt
LEADER 01244nam a2200385 4500
001 DLU210195534
005 ##20210105
040 # # |a DLU  |b vie 
041 # # |a vie 
044 # # |a vn 
100 # # |a Đỗ Hữu Chí. 
245 # # |a Nồng độ Matrix Metalloproteinase-9 trong huyết thanh bệnh nhân hội chứng mạch vành cấp ở Việt Nam /  |c Đỗ Hữu Chí, ...[và những người khác]. 
653 # # |a Elisa 
653 # # |a Hội chứng mạch vành cấp 
653 # # |a Huyết thanh  
653 # # |a Matrix metalloproteinase-9 
700 # # |a Đỗ Doãn Lợi. 
700 # # |a Bùi Thị Huyền. 
700 # # |a Lê Thị Bích Thảo. 
700 # # |a Nguyễn Bích Nhi. 
700 # # |a Nguyễn Thúy Huyền. 
700 # # |a Nguyễn Thị Minh Phương. 
700 # # |a Nguyễn Tiến Dũng. 
700 # # |a Phạm Đình Minh. 
700 # # |a Phan Văn Chi. 
773 # # |t Tạp chí Công nghệ Sinh học  |g Số 15(1), 2017, tr. 15-21 
920 # # |a Phòng Tạp chí -- Trung tâm Thông tin - Thư viện Trường Đại học Đà Lạt 
994 # # |a DLU 
900 # # |a True 
911 # # |a Hoàng Thị Huyền 
925 # # |a G 
926 # # |a A 
927 # # |a BB 
980 # # |a Thư viện Trường Đại học Đà Lạt